A Word for Word Meaning of the Quran (Vol lll) (Record no. 7223)
[ view plain ]
| 000 -LEADER | |
|---|---|
| fixed length control field | 00390 a2200133 4500 |
| 040 ## - CATALOGING SOURCE | |
| Original cataloging agency | DLC |
| Language of cataloging | DLC |
| 082 ## - DEWEY DECIMAL CLASSIFICATION NUMBER | |
| Classification number | 297.122 |
| 100 ## - MAIN ENTRY--PERSONAL NAME | |
| Personal name | M. Mohar, Ali |
| 245 ## - TITLE STATEMENT | |
| Title | A Word for Word Meaning of the Quran (Vol lll) |
| Statement of responsibility, etc. | M. Mohar Ali |
| 260 ## - PUBLICATION, DISTRIBUTION, ETC. | |
| Place of publication, distribution, etc. | IPswich: |
| Name of publisher, distributor, etc. | Jamiyat Ihyaa Minhaaj Al-Sunnah, |
| Date of publication, distribution, etc. | 2003. |
| 300 ## - PHYSICAL DESCRIPTION | |
| Extent | xiv, 2096 p. ; |
| Dimensions | 25cm. |
| 650 ## - SUBJECT ADDED ENTRY--TOPICAL TERM | |
| Topical term or geographic name entry element | Quran--Dictionaries |
| 942 ## - ADDED ENTRY ELEMENTS (KOHA) | |
| Koha item type | Book |
| Call number prefix | 297.122 MOH |
| Source of classification or shelving scheme | |
| Withdrawn status | Lost status | Damaged status | Not for loan | Collection code | Permanent Location | Current Location | Shelving location | Date acquired | Source of acquisition | Cost, normal purchase price | Total Checkouts | Total Renewals | Full call number | Barcode | Date last seen | Date last checked out | Price effective from | Koha item type |
|---|---|---|---|---|---|---|---|---|---|---|---|---|---|---|---|---|---|---|
| Central Library (CL) | Central Library (CL) | General Stacks | 08/27/2005 | Progressive International Agencies | 5605.97 | 2 | 2 | 297.122 MOH | SEECS006370 | 02/22/2020 | 04/12/2019 | 01/05/2017 | Book |
